000 00581nam a2200181 i 4500
001 26325
003 ES-MaACL
005 20230906153426.0
007 t|
008 030108s1967 sp ||||1| spa d
100 1 _aArthus, André.
_923461
245 1 4 _aLos misterios de la vida al alcance de los niños /
_cAndré Arthus ; José Mª Morató por la versión castellana.
250 _a[2ª ed.].
260 _aBarcelona :
_bNova Terra,
_c[1967]
300 _a2 v., 2 lám. :
_bil. ;
_c21 cm.
700 1 _aMorató, José María.
_983162
852 _aES-MaACL
_jC-32750-1
_bR.63153
999 _c26325
_d26325